| 000 | 00721nam a2200241Ia 4500 | ||
|---|---|---|---|
| 003 | OSt | ||
| 005 | 20220926012759.0 | ||
| 006 | a|||||r|||| 00| 0 | ||
| 007 | ta | ||
| 008 | 220923b |||||||| |||| 00| 0 eng d | ||
| 037 | _cGeneral Book | ||
| 040 |
_aRTL _cRTL _beng |
||
| 041 |
_2eng _aeng |
||
| 082 | _aX:8:(B28), M3 | ||
| 100 |
_aClark John J. _9317247 |
||
| 245 | 0 | _aStatistics primer for managers | |
| 260 |
_aNew York _bFree Press U. S. A. _c1983 |
||
| 300 |
_aix, 258p. Bibliography p.247-52 _ccm. |
||
| 650 |
_aStatistical Management _9244227 |
||
| 700 |
_a Clark Margaret T. _9317248 |
||
| 942 |
_hX:8:(B28), M3 _cGB _2CC |
||
| 999 |
_c624323 _d624323 |
||